NewJeans all songs discography (7/25) - Statistics

General Stats
  • This quiz has been taken 285 times
    60 since last reset
  • The average score is 16 of 18
Answer Stats
Answer % Correct
OMG
100%
Attention
98%
How Sweet
96%
Get Up
93%
New Jeans
93%
Supernatural
93%
Cookie
91%
Hype Boy
91%
Super Shy
91%
Bubble Gum
89%
Ditto
89%
ETA
89%
Cool With You
87%
Zero
87%
ASAP
84%
Hurt
84%
Right Now
76%
Be Who You Are
24%
No matching quizzes found
Score Distribution
Percent of People with Each Score
Percentile by Number Answered
Your Score History
You have not taken this quiz since the last reset